000 01097nam a2200253Ia 4500
003 OSt
005 20220930094921.0
006 a|||||r|||| 00| 0
007 ta
008 220926b |||||||| |||| 00| 0 hin d
024 _a35345
037 _cTheses
040 _aCRL
_cCRL
_bhin
041 _2hin
_ahin
100 _aसिंह, अजय कुमार, ले.
_9159486
110 _aदिल्ली विश्वविद्यालय. केन्द्रीय शिक्षा संस्थान. शिक्षा विभाग
_9556394
245 0 _aहिंसा के अनुभव और बच्चों की शिक्षा।
246 _aHiansā ke anubhav aur bachchoan kī shikṣhā।
260 _c2016
300 _a249पृ.
_ap.
_ccm.
700 _aदिल्ली विश्वविद्यालय. केन्द्रीय शिक्षा संस्थान. शिक्षा विभाग
_9556396
942 _cDIS
_2CC
999 _c887951
_d887951